000 01133nam a22003377a 4500
003 CHAP
005 20220329133821.0
008 971013s1979 r 00010 d
010 _a11311
011 _a12283
035 _a14841
040 _cCHAP
082 _a635.9
_bL39 1979
100 0 0 _aLaurie, Alex.
_965119
245 _aCommercial flower forcing
_b: the fundamentals and their practical application to the culture of greenhouse crops
250 _a8 ed.
260 _aNew York :
_bMcGraw-Hill,
_c1979
300 _a438 p.
_b: ilus.
590 _aBATCH-UPD
_b10
_c20130110
_lUCH01
_h0216
590 _aBATCH-UPD
_b10
_c20130110
_lUCH01
_h1506
590 _aCONVERSION
_b10
_c20130109
_lUCH01
_h1307
650 1 4 _aCultivos en invernadero.
_930376
650 1 4 _aFloricultura.
_941822
700 0 _aKiplinger, Donald Carl.
_963321
700 0 _aNelson, Kennard S.
_980785
901 _aBK
942 _cLIBRO
949 _a635.9 L39 1979
_bBC
_cESP
_d-82243
_eESP
_h56009
_i14841
_si
949 _a635.982 L39 1979
_bF
_cLIBRO
_d-28644
_eLIBRO
_h2502
_i14841
_si
949 _a635.982 L39 1979
_bMA
_cLIBRO
_d-27017
_eLIBRO
_h900
_i14841
_si
999 _c11311
_d11311